[Event "Seebach op 23rd"]
[Site "Grossenseebach"]
[Date "2012.06.10"]
[Round "7"]
[White "Diebel, Guenther"]
[Black "Hein, Christoph"]
[Result "0-1"]
[WhiteElo "1741"]
[BlackElo "1673"]
[PlyCount "108"]
[EventDate "2012.06.07"]
[EventType "swiss"]
[EventRounds "7"]
[EventCountry "GER"]
[SourceTitle "EXT 2013"]
[Source "ChessBase"]
[SourceDate "2012.11.22"]
[SourceVersion "1"]
[SourceVersionDate "2012.11.22"]
[SourceQuality "1"]

1. e4 e6 2. Bc4 d5 3. exd5 exd5 4. Bb3 c6 5. d4 Bd6 6. Nf3 Nf6 7. Be3 Bf5 8. Nbd2 Nbd7 9. Nh4 Bg6 10. Nxg6 hxg6 11. Qe2 Qc7 12. 0-0-0 0-0-0 13. g3 Rh3 14. Kb1 Rdh8 15. f4 Nh5 16. Qg2 Nhf6 17. c4 Ng4 18. Nf1 dxc4 19. Bxc4 f5 20. Bd2 Ndf6 21. Be2 Qb6 22. Bxg4 Nxg4 23. Bc3 Bb4 24. Bxb4 Qxb4 25. Qe2 Qd6 26. Rd2 Qd5 27. Qg2 Qxg2 28. Rxg2 Kd7 29. Re2 Re8 30. Rxe8 Kxe8 31. Kc2 Kd7 32. Kc3 Kd6 33. b4 Nf6 34. Nd2 Nd5+ 35. Kb3 Nxf4 36. Nc4+ Kd5 37. a4 Ne2 38. b5 Nxd4+ 39. Kc3 Ne2+ 40. Kd2 Kxc4 41. bxc6 bxc6 42. Kxe2 c5 43. Kf3 a5 44. Rc1+ Kb4 45. Rc2 Rh8 46. Ke3 Rd8 47. Kf4 Rd4+ 48. Ke5 Re4+ 49. Kd6 c4 50. Rb2+ Kxa4 51. Rb6 c3 52. h4 c2 53. Rc6 Kb3 54. Rb6+ Kc3 0-1

[Event "Seebach op 23rd"]
[Site "Grossenseebach"]
[Date "2012.06.09"]
[Round "6"]
[White "Niedermeier, Thomas"]
[Black "Diebel, Guenther"]
[Result "1-0"]
[WhiteElo "2068"]
[BlackElo "1741"]
[PlyCount "105"]
[EventDate "2012.06.07"]
[EventType "swiss"]
[EventRounds "7"]
[EventCountry "GER"]
[SourceTitle "EXT 2013"]
[Source "ChessBase"]
[SourceDate "2012.11.22"]
[SourceVersion "1"]
[SourceVersionDate "2012.11.22"]
[SourceQuality "1"]

1. e4 e5 2. Bc4 Nf6 3. d4 Bd6 4. dxe5 Bxe5 5. f4 Nxe4 6. Qh5 0-0 7. fxe5 d5 8. Bd3 g6 9. Qh6 Qe7 10. Nf3 f6 11. exf6 Nxf6+ 12. Qe3 Qd6 13. 0-0 Ng4 14. Qd2 Nc6 15. h3 Nge5 16. Nxe5 Rxf1+ 17. Bxf1 Nxe5 18. Nc3 c6 19. Ne4 Qd8 20. Qf4 Bf5 21. Ng3 Qd6 22. Nxf5 gxf5 23. Qg3+ Kh8 24. Bf4 Qc5+ 25. Qf2 d4 26. Bxe5+ Qxe5 27. Re1 Qf6 28. Qf4 Rf8 29. Qe5 Kg7 30. Bc4 b5 31. Bb3 a5 32. Qc7+ Kh8 33. Re6 Qg5 34. Qe5+ Qg7 35. Qxg7+ Kxg7 36. Rxc6 a4 37. Bd5 Rd8 38. Rc5 b4 39. Bc4 b3 40. axb3 axb3 41. Bxb3 d3 42. cxd3 Rxd3 43. Bc4 Rd1+ 44. Kh2 f4 45. Bd5 Kf6 46. Bf3 Rb1 47. Rb5 h6 48. b4 Kg6 49. Rb8 Kg5 50. b5 Kh4 51. b6 h5 52. b7 Rb5 53. Rc8 1-0

[Event "Mittelfranken-chTB2a 1112"]
[Site "Germany"]
[Date "2012.02.05"]
[Round "6.3"]
[White "Diebel, Guenther"]
[Black "Nemeth Csoka, Mihaly"]
[Result "1/2-1/2"]
[WhiteElo "1682"]
[BlackElo "1739"]
[PlyCount "81"]
[EventDate "2011.09.25"]
[EventType "team-tourn"]
[EventRounds "9"]
[EventCountry "GER"]
[SourceTitle "EXT 2013"]
[Source "ChessBase"]
[SourceDate "2012.11.22"]
[SourceVersion "1"]
[SourceVersionDate "2012.11.22"]
[SourceQuality "1"]
[WhiteTeam "Buechenbach/Roth III"]
[BlackTeam "Grossenseebach"]
[WhiteTeamCountry "GER"]
[BlackTeamCountry "GER"]

1. e4 e6 2. Bc4 d5 3. exd5 exd5 4. Bb3 Nf6 5. d4 Bd6 6. Nc3 c6 7. Nf3 0-0 8. 0-0 Bg4 9. h3 Bh5 10. Qd3 Nbd7 11. Bg5 Qc7 12. Rae1 Bg6 13. Qd1 Rae8 14. Rxe8 Rxe8 15. Re1 Rxe1+ 16. Qxe1 h6 17. Be3 Nh5 18. Ne2 Nf8 19. c4 dxc4 20. Bxc4 Ne6 21. d5 cxd5 22. Bxd5 Nhf4 23. Nxf4 Nxf4 24. Bb3 a6 25. Nh4 Bd3 26. Bxf4 Bxf4 27. g3 Qc1 28. Ng2 Bd2 29. Qxc1 Bxc1 30. Bd5 b6 31. b3 Ba3 32. Bc4 Bb1 33. Bxa6 Bxa2 34. Bc4 Bc5 35. Ne3 Kf8 36. Kg2 Bb1 37. Nd5 b5 38. Be2 Be4+ 39. Bf3 Bd3 40. Nf4 Bc2 41. Be2 1/2-1/2

[Event "Mittelfranken-chTB2a 1112"]
[Site "Germany"]
[Date "2012.01.15"]
[Round "5.2"]
[White "Diebel, Guenther"]
[Black "Kiefer, Herbert"]
[Result "1-0"]
[WhiteElo "1682"]
[BlackElo "1732"]
[PlyCount "51"]
[EventDate "2011.09.25"]
[EventType "team-tourn"]
[EventRounds "9"]
[EventCountry "GER"]
[SourceTitle "EXT 2013"]
[Source "ChessBase"]
[SourceDate "2012.11.22"]
[SourceVersion "1"]
[SourceVersionDate "2012.11.22"]
[SourceQuality "1"]
[WhiteTeam "Buechenbach/Roth III"]
[BlackTeam "Ansbach"]
[WhiteTeamCountry "GER"]
[BlackTeamCountry "GER"]

1. e4 c5 2. Nc3 d6 3. Bc4 Nf6 4. Nf3 Bg4 5. h3 Bxf3 6. Qxf3 Nc6 7. Bb5 e5 8. Nd5 Be7 9. Nxe7 Qxe7 10. d3 Nd7 11. Bxc6 bxc6 12. 0-0 0-0 13. c4 Nb6 14. b3 a5 15. a4 Rfb8 16. Bd2 Nd7 17. Rab1 Nf8 18. Bc3 Ne6 19. Kh2 Rb7 20. Rb2 Qd8 21. Rfb1 Re7 22. g3 Ng5 23. Qg2 Ne6 24. f4 f6 25. f5 Nf8 26. g4 1-0

[Event "Mittelfranken-chTB2a 1112"]
[Site "Germany"]
[Date "2011.10.23"]
[Round "2.3"]
[White "Diebel, Guenther"]
[Black "Diller, Peter"]
[Result "0-1"]
[WhiteElo "1682"]
[BlackElo "1961"]
[PlyCount "30"]
[EventDate "2011.09.25"]
[EventType "team-tourn"]
[EventRounds "9"]
[EventCountry "GER"]
[SourceTitle "EXT 2013"]
[Source "ChessBase"]
[SourceDate "2012.11.22"]
[SourceVersion "1"]
[SourceVersionDate "2012.11.22"]
[SourceQuality "1"]
[WhiteTeam "Buechenbach/Roth III"]
[BlackTeam "Rothenburg"]
[WhiteTeamCountry "GER"]
[BlackTeamCountry "GER"]

1. e4 e6 2. Bc4 d5 3. exd5 exd5 4. Bb3 Nf6 5. d3 Bd6 6. Qf3 Be6 7. Bg5 Nbd7 8. Nc3 c6 9. d4 b5 10. Nge2 0-0 11. 0-0 Re8 12. h3 Qc7 13. Nf4 h6 14. Bxf6 Nxf6 15. Rae1 Bxf4 0-1

[Event "Mittelfranken-ch QT 60th"]
[Site "Buechenbach/Roth"]
[Date "2011.04.22"]
[Round "7"]
[White "Diebel, Guenther"]
[Black "Duerr, Florian"]
[Result "1/2-1/2"]
[WhiteElo "1701"]
[BlackElo "1798"]
[PlyCount "96"]
[EventDate "2011.04.20"]
[EventType "swiss"]
[EventRounds "7"]
[EventCountry "GER"]
[SourceTitle "CBM 142 Extra"]
[Source "ChessBase"]
[SourceDate "2011.06.27"]
[SourceVersion "1"]
[SourceVersionDate "2011.06.27"]
[SourceQuality "1"]

1. e4 e6 2. Bc4 d5 3. exd5 exd5 4. Bb3 c6 5. d4 Bd6 6. Ne2 Ne7 7. Bf4 Bf5 8. Bxd6 Qxd6 9. Ng3 Nd7 10. Qf3 Qe6+ 11. Qe2 Qxe2+ 12. Nxe2 0-0-0 13. Nd2 Rhe8 14. 0-0-0 Nf6 15. f3 Ng6 16. Rde1 h5 17. g3 Re3 18. Nc3 Rde8 19. Rxe3 Rxe3 20. Kd1 h4 21. Re1 Rxe1+ 22. Kxe1 hxg3 23. hxg3 Kc7 24. Kf2 Be6 25. Ne2 b6 26. Ke3 c5 27. dxc5 bxc5 28. c4 d4+ 29. Kf2 Kd6 30. a3 Ne5 31. Nf4 Bd7 32. Bc2 g5 33. Nd3 Bf5 34. Nxe5 Kxe5 35. Bxf5 Kxf5 36. b4 Nd7 37. Ne4 cxb4 38. axb4 Ne5 39. Nxg5 Kxg5 40. f4+ Kf5 41. fxe5 Kxe5 42. Ke2 Ke4 43. c5 Kd5 44. Kd3 f5 45. Kd2 Kc6 46. Ke2 Kd5 47. Kd3 a6 48. Kd2 Ke6 1/2-1/2

[Event "Mittelfranken-ch QT 60th"]
[Site "Buechenbach/Roth"]
[Date "2011.04.22"]
[Round "6"]
[White "Vennemann, Juergen"]
[Black "Diebel, Guenther"]
[Result "0-1"]
[WhiteElo "1808"]
[BlackElo "1701"]
[PlyCount "38"]
[EventDate "2011.04.20"]
[EventType "swiss"]
[EventRounds "7"]
[EventCountry "GER"]
[SourceTitle "CBM 142 Extra"]
[Source "ChessBase"]
[SourceDate "2011.06.27"]
[SourceVersion "1"]
[SourceVersionDate "2011.06.27"]
[SourceQuality "1"]

1. d4 d5 2. c4 Nf6 3. cxd5 Qxd5 4. Nc3 Qh5 5. Qc2 Nc6 6. e3 Bf5 7. e4 Bd7 8. Nb5 Rc8 9. Bf4 e5 10. Be2 Bb4+ 11. Kf1 Qg6 12. dxe5 Nxe4 13. Bd3 Bf5 14. Rd1 a6 15. Nc3 Bxc3 16. bxc3 Rd8 17. Bxe4 Bxe4 18. Rxd8+ Nxd8 19. Qa4+ Bc6 0-1

[Event "Mittelfranken-chTB2a 1011"]
[Site "Germany"]
[Date "2011.02.13"]
[Round "6.1"]
[White "Petzold, Vinzenz"]
[Black "Diebel, Guenther"]
[Result "0-1"]
[WhiteElo "2008"]
[BlackElo "1704"]
[PlyCount "98"]
[EventDate "2010.09.26"]
[EventType "team-tourn"]
[EventRounds "9"]
[EventCountry "GER"]
[SourceTitle "EXT 2012"]
[Source "ChessBase"]
[SourceDate "2011.11.24"]
[SourceVersion "1"]
[SourceVersionDate "2011.11.24"]
[SourceQuality "1"]
[WhiteTeam "Erlangen 44/88 II"]
[BlackTeam "Buechenbach/Roth III"]
[WhiteTeamCountry "GER"]
[BlackTeamCountry "GER"]

1. d4 c6 2. c4 d5 3. Nf3 Bg4 4. Ne5 Be6 5. c5 Nd7 6. Nd3 g6 7. Nc3 Bg7 8. e3 Ngf6 9. Be2 h5 10. Bd2 Qc7 11. f3 Bf5 12. Nf2 e5 13. b4 exd4 14. exd4 0-0 15. 0-0 Rfe8 16. g3 Nh7 17. Bf4 Qd8 18. Qd2 Ndf8 19. Rad1 b5 20. Rfe1 a5 21. a3 axb4 22. axb4 Ra7 23. Bf1 Ne6 24. Be5 f6 25. Bd6 Nhg5 26. Bg2 Bh6 27. Qb2 Ng7 28. g4 Bd7 29. Qc2 f5 30. h4 Nxf3+ 31. Bxf3 hxg4 32. Bxg4 Qxh4 33. Rxe8+ Nxe8 34. Bf3 Nxd6 35. cxd6 Qg3+ 36. Bg2 Be3 37. Re1 f4 38. Rxe3 fxe3 39. Nfd1 Bf5 40. Qe2 Ra1 41. Kf1 Bg4 42. Qe1 e2+ 43. Nxe2 Qd3 44. d7 Bxd7 45. Qh4 Rxd1+ 46. Kf2 Qf5+ 47. Bf3 g5 48. Qg3 g4 49. Nc3 Rd3 0-1

[Event "Mittelfranken-chTB2a 0910"]
[Site "Mittelfranken"]
[Date "2010.03.14"]
[Round "8.2"]
[White "Diebel, Guenther"]
[Black "Seitz, Hans"]
[Result "0-1"]
[WhiteElo "1707"]
[BlackElo "1980"]
[PlyCount "78"]
[EventDate "2009.10.11"]
[EventType "team-tourn"]
[EventRounds "9"]
[EventCountry "GER"]
[SourceTitle "EXT 2011"]
[Source "ChessBase"]
[SourceDate "2010.11.26"]
[SourceVersion "1"]
[SourceVersionDate "2010.11.26"]
[SourceQuality "1"]
[WhiteTeam "Buechenbach/Roth III"]
[BlackTeam "Herzogenaurach"]
[WhiteTeamCountry "GER"]
[BlackTeamCountry "GER"]

1. e4 e6 2. c3 d5 3. exd5 exd5 4. d4 Bd6 5. Nf3 Ne7 6. Bd3 Nbc6 7. Nbd2 Bg4 8. h3 Bh5 9. Nb3 Bg6 10. Bg5 f6 11. Be3 Qd7 12. g4 0-0-0 13. Nh4 Bxd3 14. Qxd3 g5 15. Ng2 h5 16. f3 hxg4 17. fxg4 Rh6 18. 0-0-0 Rdh8 19. Bd2 Nd8 20. Rdf1 c6 21. Rf3 Ng8 22. Ne3 Ne6 23. Nf5 R6h7 24. Nxd6+ Qxd6 25. Qf5 Qd7 26. a3 b6 27. a4 Nc7 28. Qd3 Rh4 29. a5 Rxg4 30. axb6 axb6 31. Rhf1 Rgh4 32. Rh1 g4 33. Rg3 Rxh3 34. Rhxh3 gxh3 35. Rg1 h2 36. Rh1 Qg4 37. Be3 Qf3 38. Rxh2 Rxh2 39. Nd2 Rh1+ 0-1

[Event "Mittelfranken-chTB2a 0910"]
[Site "Mittelfranken"]
[Date "2009.11.22"]
[Round "3.1"]
[White "Kozik, Andreas"]
[Black "Diebel, Guenther"]
[Result "1-0"]
[WhiteElo "1920"]
[BlackElo "1707"]
[PlyCount "39"]
[EventDate "2009.10.11"]
[EventType "team-tourn"]
[EventRounds "9"]
[EventCountry "GER"]
[SourceTitle "EXT 2011"]
[Source "ChessBase"]
[SourceDate "2010.11.26"]
[SourceVersion "1"]
[SourceVersionDate "2010.11.26"]
[SourceQuality "1"]
[WhiteTeam "Nuernberg NT V"]
[BlackTeam "Buechenbach/Roth III"]
[WhiteTeamCountry "GER"]
[BlackTeamCountry "GER"]

1. e4 Nc6 2. d4 d5 3. exd5 Qxd5 4. Nf3 Bg4 5. Be2 0-0-0 6. Be3 e6 7. 0-0 Bd6 8. h3 h5 9. Nbd2 Qf5 10. Bd3 Qa5 11. a3 Bxf3 12. Qxf3 f5 13. b4 Qa4 14. Nc4 Nb8 15. b5 a6 16. Rfb1 axb5 17. Rxb5 Qa6 18. Rab1 Nc6 19. Rxb7 Nf6 20. Nxd6+ 1-0

[Event "Mittelfranken-chTB2b 0809"]
[Site "Mittelfranken"]
[Date "2009.01.11"]
[Round "4.7"]
[White "Alsheimer, Berthold"]
[Black "Diebel, Guenther"]
[Result "0-1"]
[WhiteElo "1546"]
[BlackElo "1717"]
[PlyCount "58"]
[EventDate "2008.10.12"]
[EventType "team"]
[EventRounds "9"]
[EventCountry "GER"]
[SourceTitle "EXT 2011"]
[Source "ChessBase"]
[SourceDate "2010.11.26"]
[SourceVersion "1"]
[SourceVersionDate "2010.11.26"]
[SourceQuality "1"]
[WhiteTeam "Bechhofen II"]
[BlackTeam "Buechenbach/Roth II"]
[WhiteTeamCountry "GER"]
[BlackTeamCountry "GER"]

1. e4 d5 2. exd5 Qxd5 3. Nc3 Qa5 4. d4 Nf6 5. Bd2 Qb6 6. Nf3 Bg4 7. Be2 e6 8. Na4 Qc6 9. Nc3 a6 10. 0-0 Nbd7 11. Ne5 Nxe5 12. dxe5 Bxe2 13. Qxe2 Nd5 14. Rad1 0-0-0 15. a3 Be7 16. b4 Nxc3 17. Bxc3 Qxc3 18. b5 Rxd1 19. Rxd1 a5 20. Rd3 Qa1+ 21. Rd1 Qxa3 22. b6 c6 23. g3 Rd8 24. Rxd8+ Bxd8 25. Qh5 Qf8 26. Qxh7 Bxb6 27. Kg2 a4 28. Qd3 Qc5 29. f4 Qd5+ 0-1

[Event "Mittelfrankenliga-B2b 0708"]
[Site "Mittelfranken"]
[Date "2008.01.13"]
[Round "4.7"]
[White "Heinz, Manfred"]
[Black "Diebel, Guenther"]
[Result "1-0"]
[WhiteElo "1752"]
[BlackElo "1717"]
[PlyCount "79"]
[EventDate "2007.10.14"]
[EventType "team-tourn"]
[EventRounds "9"]
[EventCountry "GER"]
[SourceTitle "EXT 2011"]
[Source "ChessBase"]
[SourceDate "2010.11.26"]
[SourceVersion "1"]
[SourceVersionDate "2010.11.26"]
[SourceQuality "1"]
[WhiteTeam "Heilsbronn"]
[BlackTeam "Buechenbach/Roth II"]
[WhiteTeamCountry "GER"]
[BlackTeamCountry "GER"]

1. Nf3 Nc6 2. d4 d5 3. g3 Nf6 4. Bg2 h6 5. 0-0 Bf5 6. c4 dxc4 7. Na3 Qd7 8. Nxc4 Be4 9. Nce5 Nxe5 10. Nxe5 Qd5 11. f3 Bh7 12. e4 Qb5 13. Re1 e6 14. Bf1 Qb4 15. Be3 Rd8 16. a3 Qe7 17. Qa4+ Nd7 18. Nxd7 Qxd7 19. Qxa7 c6 20. Rad1 Be7 21. d5 0-0 22. dxc6 Qxc6 23. Rc1 Ra8 24. Rxc6 Rxa7 25. Rc7 Bd6 26. Rd7 Bxg3 27. hxg3 Raa8 28. Rxb7 Rab8 29. Rxb8 Rxb8 30. b4 f5 31. e5 g5 32. Rc1 Rd8 33. Rc6 Ra8 34. Ra6 Rc8 35. b5 Rc3 36. Kf2 f4 37. gxf4 gxf4 38. Bxf4 Rc2+ 39. Kg3 Rc1 40. Bxc1 1-0

[Event "Mittelfrankenliga-B2b 0607"]
[Site "Mittelfranken"]
[Date "2007.05.06"]
[Round "9.2"]
[White "Zeltner, Ottmar"]
[Black "Diebel, Guenther"]
[Result "0-1"]
[WhiteElo "1937"]
[BlackElo "1701"]
[PlyCount "92"]
[EventDate "2006.10.22"]
[EventType "team-tourn"]
[EventRounds "9"]
[EventCountry "GER"]
[SourceTitle "EXT 2011"]
[Source "ChessBase"]
[SourceDate "2010.11.26"]
[SourceVersion "1"]
[SourceVersionDate "2010.11.26"]
[SourceQuality "1"]
[WhiteTeam "Rothenburg"]
[BlackTeam "Buechenbach/Roth II"]
[WhiteTeamCountry "GER"]
[BlackTeamCountry "GER"]

1. e4 d5 2. exd5 Qxd5 3. Nc3 Qa5 4. d4 Nf6 5. Nf3 Bg4 6. h3 Bxf3 7. Qxf3 c6 8. Bc4 e6 9. 0-0 Nbd7 10. a3 Bd6 11. Be3 Nb6 12. Bd3 Qh5 13. Qxh5 Nxh5 14. Ne4 Be7 15. g4 Nf6 16. Nxf6+ Bxf6 17. c3 Nd5 18. Bd2 0-0-0 19. Be4 Nb6 20. Bf4 g5 21. Bg3 h5 22. f4 Rdf8 23. f5 hxg4 24. fxe6 fxe6 25. hxg4 Nd5 26. Rae1 Nf4 27. Bxf4 gxf4 28. Rxf4 Bxd4+ 29. cxd4 Rxf4 30. Kg2 Rxg4+ 31. Kf3 Rhh4 32. Bc2 Rf4+ 33. Kg3 Rhg4+ 34. Kh3 Kd7 35. Bb3 Rg6 36. Bc2 Rg7 37. Re2 Kd6 38. Re5 Rf1 39. Be4 Re1 40. Rh5 Re3+ 41. Kh2 Re2+ 42. Kh1 Rxb2 43. a4 Rb4 44. Bc2 Rg3 45. Bh7 Rb2 46. d5 Ra3 0-1